Torturing A Nation (Record no. 1316)
[ view plain ]
| 000 -LEADER | |
|---|---|
| fixed length control field | 00356nam a22001097a 4500 |
| 008 - FIXED-LENGTH DATA ELEMENTS--GENERAL INFORMATION | |
| fixed length control field | 230619b xxu||||| |||| 00| 0 eng d |
| 082 ## - DEWEY DECIMAL CLASSIFICATION NUMBER | |
| Classification number | 302 |
| Item number | ALH |
| 100 ## - MAIN ENTRY--PERSONAL NAME | |
| Titles and words associated with a name | Abdulla M. Al-Hammadi MD |
| 245 ## - TITLE STATEMENT | |
| Title | Torturing A Nation |
| Remainder of title | A Documented Study of the Iraqi Aggression Towards Kuwaiti People (2nd August 1990-26th February 1991) |
| 300 ## - PHYSICAL DESCRIPTION | |
| Extent | 655p |
| 942 ## - ADDED ENTRY ELEMENTS (KOHA) | |
| Source of classification or shelving scheme | Dewey Decimal Classification |
| Koha item type | Books |
| Withdrawn status | Lost status | Source of classification or shelving scheme | Damaged status | Not for loan | Home library | Current library | Date acquired | Total Checkouts | Full call number | Barcode | Date last seen | Price effective from | Koha item type |
|---|---|---|---|---|---|---|---|---|---|---|---|---|---|
| Dewey Decimal Classification | County Hall Archives | County Hall Archives | 06/19/2023 | 302 ALH | 10000989 | 06/19/2023 | 06/19/2023 | Books |
